The great migrator : Robert Rauschenberg and the global rise of American art

Gespeichert in:
Bibliographische Detailangaben
VerfasserIn: Ikegami, Hiroko (VerfasserIn)
Mitwirkende: Rauschenberg, Robert (IllustratorIn)
Dokumenttyp: Buch
Sprache:English
Veröffentlicht: Cambridge, Mass. [u.a.] : MIT Press , c 2010
Schlagwörter:
Online Zugang:Inhaltsverzeichnis
Rezension
Rezension
Klappentext
Inhaltsverzeichnis
Inhaltsverzeichnis
Rezension
Bibliogr. Hinweis:Rezensiert in: [Rezension von: Hiroko Ikegami, The great migrator. Robert Rauschenberg and the global rise of American art]
Verantwortlich:Hiroko Ikegami
LEADER 04875cam a2200877 c 4500
001 611631989
003 DE-627
005 20260521151006.0
007 tu
008 091027s2010 xxu||||| 00| ||eng c
010 |a  2009044340 
016 7 |a 015588779  |2 UK 
020 |a 9780262014250  |q hbk. : alk. paper  |9 978-0-262-01425-0 
020 |a 0262014254  |q (hbk.) £22.95  |9 0-262-01425-4 
035 |a (DE-627)611631989 
035 |a (DE-603)227819810 
035 |a (DE-576)333536983 
035 |a (DE-599)GBV611631989 
035 |a (OCoLC)1532668806 
035 |a (OCoLC)696003264 
035 |a (OCoLC)845625805 
040 |a DE-627  |b ger  |c DE-627  |e rakwb 
041 |a eng 
044 |c XD-US  |c XA-GB 
050 0 |a N6537.R27 
082 0 |a 709.2  |q LOC  |2 22 
084 |a 9,11  |2 ssgn 
084 |a LI 70420  |q BVB  |2 rvk  |0 (DE-625)rvk/96908: 
084 |a 20.31  |2 bkl 
100 1 |a Ikegami, Hiroko  |d 1973-  |0 (DE-588)142946478  |0 (DE-627)64092803X  |0 (DE-576)334266386  |4 aut 
245 1 4 |a The great migrator  |b Robert Rauschenberg and the global rise of American art  |c Hiroko Ikegami 
263 |a 1009 
264 1 |a Cambridge, Mass. [u.a.]  |b MIT Press  |c c 2010 
300 |a XI, 277 S  |b zahlr. Ill.  |c 24 cm 
336 |a Text  |b txt  |2 rdacontent 
337 |a ohne Hilfsmittel zu benutzen  |b n  |2 rdamedia 
338 |a Band  |b nc  |2 rdacarrier 
500 |a Bibliogr. S. [247] - 264 
500 |a Includes bibliographical references and index 
505 8 |a Introduction: Discovering "The great migrator" -- A triumph in Paris : engineering Rauschenberg's global market -- A spectacle in Venice : inside and outside Rauschenberg's victory -- A conflict in Stockholm : the rise and fall of Monogram -- A dialogue in Tokyo : Rauschenberg meets the Japanese avant-garde -- Conclusion: Becoming "The" American artist -- Appendix: Robert Rauschenberg's exhibition history outside the United States, 1953-1968. 
583 1 |a Archivierung prüfen  |c 20260307  |f DE-640  |z 2  |2 pdager 
600 1 0 |a Rauschenberg, Robert  |d 1925-2008  |x Criticism and interpretation 
600 1 0 |a Rauschenberg, Robert  |d 1925-2008  |x Travel 
600 1 7 |0 (DE-588)118598619  |0 (DE-627)07939096X  |0 (DE-576)20907857X  |a Rauschenberg, Robert  |d 1925-2008  |2 gnd 
650 0 |a Art, American  |y 20th century 
650 0 |a Modernism (Art)  |x Influence 
650 0 7 |0 (DE-588)4133965-4  |0 (DE-627)104805811  |0 (DE-576)209648287  |a Avantgarde  |2 gnd 
653 |a Rauschenberg, Robert, 1925-2008  |a Criticism and interpretation 
653 |a Rauschenberg, Robert, 1925-2008  |a Travel 
653 |a Art, American  |a 20th century 
653 |a Modernism (Art)  |a Influence 
689 0 0 |d p  |0 (DE-588)118598619  |0 (DE-627)07939096X  |0 (DE-576)20907857X  |a Rauschenberg, Robert  |d 1925-2008  |2 gnd 
689 0 1 |d s  |0 (DE-588)4151276-5  |0 (DE-627)104636610  |0 (DE-576)209786868  |a Einfluss  |2 gnd 
689 0 2 |d s  |0 (DE-588)4133965-4  |0 (DE-627)104805811  |0 (DE-576)209648287  |a Avantgarde  |2 gnd 
689 0 |5 (DE-627) 
700 1 |a Rauschenberg, Robert  |d 1925-2008  |e Ill.  |0 (DE-588)118598619  |0 (DE-627)07939096X  |0 (DE-576)20907857X  |4 ill 
700 1 |a Rauschenberg, Robert  |d 1925-2008  |0 (DE-588)118598619  |0 (DE-627)07939096X  |0 (DE-576)20907857X  |4 oth 
787 0 8 |i Rezensiert in  |a Ruby, Sigrid, 1968 -   |t [Rezension von: Hiroko Ikegami, The great migrator. Robert Rauschenberg and the global rise of American art]  |d 2012  |w (DE-627)1802147187 
856 4 2 |u https://swbplus.bsz-bw.de/bsz333536983inh.htm  |m B:DE-576;DE-14  |q application/pdf  |v 20101221105042  |x Verlag  |3 Inhaltsverzeichnis  |7 1 
856 4 2 |u https://swbplus.bsz-bw.de/bsz333536983rez.htm  |m B:DE-576;DE-16  |q application/pdf  |v 20120621100950  |x Verlag  |3 Rezension  |7 1 
856 4 2 |u http://www.sehepunkte.de/2012/06/18910.html  |m V:DE-576;X:Sehepunkte  |q text/html  |v 20180413101149  |3 Rezension  |7 1 
856 4 2 |u http://bvbr.bib-bvb.de:8991/F?func=service&doc_library=BVB01&doc_number=020573124&line_number=0002&func_code=DB_RECORDS&service_type=MEDIA  |m V:DE-604  |q application/pdf  |3 Klappentext  |7 1 
856 4 2 |u http://bvbr.bib-bvb.de:8991/F?func=service&doc_library=BVB01&doc_number=020573124&line_number=0001&func_code=DB_RECORDS&service_type=MEDIA  |3 Inhaltsverzeichnis  |7 1 
856 4 2 |u http://scans.hebis.de/HEBCGI/show.pl?22781981_toc.pdf  |m V:DE-576  |q application/pdf  |3 Inhaltsverzeichnis  |7 1 
856 4 2 |u http://scans.hebis.de/HEBCGI/show.pl?22781981_rez.pdf  |m V:DE-576;B:DE-16  |q application/pdf  |3 Rezension  |7 1 
935 |a MZUSA 
935 |i Blocktest 
936 r v |a LI 70420  |b Rauschenberg, Robert  |k Kunstgeschichte  |k Künstler-Monografien  |k Alphabetische Künstlerliste  |k Künstler R  |k Rauschenberg, Robert  |0 (DE-627)1270703129  |0 (DE-625)rvk/96908:  |0 (DE-576)200703129 
936 b k |a 20.31  |j Bildende Künstler  |0 (DE-627)181571080 
936 s n |a l300  |2 mzub 
951 |a BO 
990 |a Rauschenberg, Robert 
990 |a Einfluss 
990 |a Avantgarde 
991 |a Rezensiertes Werk 
999 |a KXP-PPN611631989  |e 4167103265